000 00311 a2200133 4500
000 nam a22 7a 4500
100 _aSmith, Michael
110 _aSmith, Michael
245 _aOrganic Synthesis
250 _a5th/Latest edition
260 _bElsevier
_c2025
264 _bElsevier
_c2025
942 _cBK
999 _c397131
_d397131